[Event "AUTO-OPEN-1034"]
[Site "http://www.queenalice.com/game.php?id=362428"]
[Date "2008.2.28"]
[Round "1"]
[White "robledo"]
[Black "rbaraldi"]
[Result "0-1"]
[WhiteElo "1858"]
[BlackElo "1484"]

1. e4 e5 2. d4 exd4 3. Nf3 c5 4. Bc4 d6 5. O-O Nf6 6. Bg5 Be7 7. Re1 O-O 8. c3
dxc3 9. Nxc3 h6 10. Bc1 Nc6 11. e5 dxe5 12. Qxd8 Rxd8 13. Nxe5 Nd4 14. Rd1 Be6
15. Bxe6 Nxe6 16. Be3 b6 17. Rxd8+ Rxd8 18. Nc6 Rd7 19. Nb5 a6 20. Nxe7+ Rxe7
21. Nc3 Nd4 22. Bxd4 cxd4 23. Na4 b5 24. Nc5 a5 25. Kf1 Ne4 26. Nb3 d3 27. Rd1
Rd7 28. Nxa5 f5 29. Nc6 Kf8 30. Ne5 Rd5 31. Rxd3 Rxe5 0-1

[Event "AUTO-INT-869"]
[Site "http://www.queenalice.com/game.php?id=388563"]
[Date "2008.4.16"]
[Round "1"]
[White "gomonkey"]
[Black "rbaraldi"]
[Result "0-1"]
[WhiteElo "1471"]
[BlackElo "1532"]

1. f4 f5 2. d4 d5 3. e3 Nc6 4. c3 e6 5. Nf3 Qf6 6. Ne5 Nxe5 7. dxe5 Qe7 8. Qa4+
c6 9. b4 a6 10. Qa5 b6 11. Qxb6 Qd7 12. c4 Ne7 13. c5 g6 14. h4 Bh6 15. h5 g5
16. a4 g4 17. g3 O-O 18. Rh2 d4 19. Rd2 Nd5 20. Qa5 dxe3 21. Rd3 Bb7 22. b5 axb5
23. Qc3 b4 24. Qxb4 Nxb4 25. Rxd7 Nc2+ 26. Ke2 Ba6+ 27. Rd3 Bxd3+ 28. Kxd3 Nxa1
29. Kc3 Rab8 30. Bc4 Rxb1 31. Bb2 Rd8 32. Bxa1 Rxa1 33. Bxe6+ Kf8 34. Bxf5 Kg7
35. e6 e2 36. e7 Re8 37. Kb2 Rxa4 38. Bxg4 e1=Q 39. f5 Rxe7 0-1

[Event "AUTO-INT-869"]
[Site "http://www.queenalice.com/game.php?id=388564"]
[Date "2008.4.16"]
[Round "1"]
[White "rbaraldi"]
[Black "gomonkey"]
[Result "0-1"]
[WhiteElo "1552"]
[BlackElo "1443"]

1. e4 e5 2. Nf3 d6 3. Bc4 Nf6 4. d3 d5 5. Bxd5 Nxd5 6. exd5 Qxd5 7. O-O e4 8.
Re1 Be7 9. Nfd2 f5 10. dxe4 Qd4 11. e5 Bc5 12. Re2 O-O 13. c3 Qd3 14. b4 Nc6 15.
bxc5 f4 16. a4 f3 17. Re3 Qd5 18. g3 Nxe5 19. Na3 Bg4 20. h3 Bxh3 21. Kh2 Bg2
22. c4 Ng4+ 23. Kg1 Qh5 0-1

[Event "AUTO-INT-869"]
[Site "http://www.queenalice.com/game.php?id=388579"]
[Date "2008.4.16"]
[Round "1"]
[White "daga2008"]
[Black "rbaraldi"]
[Result "0-1"]
[WhiteElo "1471"]
[BlackElo "1563"]

1. e4 e5 2. Qh5 Qe7 3. Nc3 g6 4. Qe2 Nc6 5. Nd5 Qd6 6. g4 Nf6 7. Nxf6+ Qxf6 8.
Qf3 Qxf3 9. Nxf3 d6 10. h3 Nb4 11. Kd1 Be7 12. a3 Nc6 13. Bb5 O-O 14. Bxc6 bxc6
15. c4 c5 16. d3 Rb8 17. Bg5 f6 18. Bh4 a5 19. Nd2 Rxb2 20. Kc1 Rb8 21. Rf1 g5
22. Bg3 a4 23. h4 Bxg4 24. f3 Bh3 25. Rg1 h6 26. Rh1 Bg2 27. Rg1 Bh3 28. Be1 Kh7
29. Rh1 g4 30. fxg4 Bxg4 31. Kc2 Rg8 32. Bf2 Be2 33. Rhe1 Bh5 34. Ra2 Rg2 35.
Be3 c6 36. Raa1 Bd8 37. Rg1 Re2 38. Rae1 Ba5 39. Rxe2 Bxe2 40. Re1 Bg4 41. Rc1
f5 42. exf5 Bxf5 43. Nf1 Rb3 44. Rd1 Rxa3 45. Nd2 Bxd3+ 46. Kb2 Rc3 47. Nb1 Rb3+
48. Ka2 Bxb1+ 49. Rxb1 Rxe3 50. Rb7+ Kg6 51. Ra7 Be1 52. Rxa4 Bxh4 53. Ra6 Rc3
54. Rxc6 Be7 55. Rc7 Kf6 56. Kb2 Rxc4 57. Kb3 Rd4 58. Rc8 e4 59. Rh8 Kg5 60.
Rg8+ Kh4 61. Rh8 h5 62. Rg8 Kh3 63. Rg1 h4 64. Rh1+ Kg2 65. Re1 h3 66. Re2+ Kg3
67. Re3+ Kg2 68. Kc2 h2 69. Re2+ Kg1 70. Re1+ Kf2 71. Rxe4 Rxe4 72. Kd2 h1=Q 73.
Kd3 Qe1 74. Kc2 Rd4 75. Kb3 Qe3+ 76. Kc2 Rd2+ 77. Kc1 Qe1# 0-1

[Event "AUTO-INT-869"]
[Site "http://www.queenalice.com/game.php?id=388580"]
[Date "2008.4.16"]
[Round "1"]
[White "rbaraldi"]
[Black "daga2008"]
[Result "1-0"]
[WhiteElo "1563"]
[BlackElo "1431"]

1. e4 e5 2. Nf3 d6 3. Bc4 Be6 4. d3 Bxc4 5. dxc4 c5 6. Qd5 Qb6 7. Ng5 Nh6 8. O-O
Qc6 9. Nc3 Be7 10. Nb5 O-O 11. Nh3 a6 12. Nc3 Nd7 13. a4 Qc8 14. Bg5 Bxg5 15.
Nxg5 Ra7 16. Qxd6 Qe8 17. a5 Ra8 18. Nd5 Nf5 19. exf5 f6 20. Nc7 Qd8 21. Nxa8
fxg5 22. Nc7 Rf6 23. Ne6 Qe8 24. g4 h5 25. Qd5 b6 26. Nc7+ Qf7 27. Nxa6 hxg4 28.
Qa8+ Kh7 29. Nc7 Qxc4 30. a6 Rh6 31. Rfd1 Qf7 32. Qe4 Nf6 33. Qxe5 Qf8 34. Ne6
Qa8 35. Nxg5+ Kg8 36. Qe6+ Kf8 37. Qf7# 1-0

[Event "AUTO-INT-869"]
[Site "http://www.queenalice.com/game.php?id=388589"]
[Date "2008.4.16"]
[Round "1"]
[White "GMBenoliel"]
[Black "rbaraldi"]
[Result "1-0"]
[WhiteElo "1728"]
[BlackElo "1574"]

1. d4 d5 2. c4 Nf6 3. Nc3 e6 4. Bg5 h6 5. Bh4 dxc4 6. e4 Be7 7. Bxc4 Nxe4 8.
Bxe7 Qxe7 9. Nxe4 O-O 10. a3 Nc6 11. Nf3 a6 12. O-O b5 13. Bb3 a5 14. Rc1 Bb7
15. d5 exd5 16. Bxd5 Rab8 17. Rxc6 Bxc6 18. Bxc6 Rb6 19. Qd5 Rd8 20. Qe5 Qe6 21.
Qxe6 fxe6 22. Ne5 Rd4 23. f4 Kf8 24. Nd7+ Rxd7 25. Bxd7 Ke7 26. Rd1 b4 27. g3 h5
28. Ng5 Rd6 29. Rxd6 cxd6 30. Bxe6 Kd8 31. Kf2 Kc7 32. Ke3 Kc6 33. Ke4 g6 34.
Kd4 Kc7 35. Bf7 Kc6 36. Bxg6 Kb5 37. f5 bxa3 38. bxa3 Ka4 39. f6 Kxa3 40. f7 a4
41. f8=Q Kb3 42. Qb8+ Ka3 43. Kc3 Ka2 44. Qb2# 1-0

[Event "AUTO-INT-869"]
[Site "http://www.queenalice.com/game.php?id=388590"]
[Date "2008.4.16"]
[Round "1"]
[White "rbaraldi"]
[Black "GMBenoliel"]
[Result "0-1"]
[WhiteElo "1532"]
[BlackElo "1609"]

1. e4 e5 2. Nf3 Nc6 3. Bc4 Nf6 4. d3 Bc5 5. Ng5 O-O 6. O-O d5 7. Bb3 Bg4 8. Qe1
h6 9. Nf3 Bxf3 10. gxf3 Nd4 11. c3 Nxf3+ 12. Kh1 Nxe1 13. Rxe1 Bxf2 14. Rf1 Ng4
15. h3 Qh4 16. Kg2 Qg3+ 0-1

[Event "Vamos a jogar"]
[Site "http://www.queenalice.com/game.php?id=389771"]
[Date "2008.4.18"]
[Round "3"]
[White "rbaraldi"]
[Black "fromTheCoast"]
[Result "1-0"]
[WhiteElo "1575"]
[BlackElo "1422"]

1. e4 d6 2. Nf3 e5 3. d4 f6 4. dxe5 fxe5 5. Bc4 h6 6. O-O g5 7. c3 g4 8. Nfd2 h5
9. b4 c5 10. bxc5 dxc5 11. g3 Nf6 12. Na3 Bd6 13. Nb3 Nxe4 14. Bd2 Nc6 15. Nb5
Bb8 16. Qe2 Nxd2 17. Nxd2 Na5 18. Bd3 Nc6 19. c4 Nd4 20. Qe4 Nxb5 21. Qg6+ Ke7
22. cxb5 a5 23. a4 b6 24. Ne4 Rf8 25. Rad1 Bf5 26. Qg7+ Rf7 27. Qg5+ Ke8 28.
Qxh5 Qd4 29. Ng5 Be6 30. Nxe6 Qxa4 31. Bg6 Ke7 32. Bxf7 Qxb5 33. Bg8 Qe8 34.
Qh7+ Kf6 35. Qg7+ Kf5 36. Qg5+ Ke4 37. Rfe1+ Kf3 38. Rd3# 1-0

[Event "Challenge"]
[Site "http://www.queenalice.com/game.php?id=393014"]
[Date "2008.4.25"]
[Round "-"]
[White "eduardofelix"]
[Black "rbaraldi"]
[Result "1-0"]
[WhiteElo "1690"]
[BlackElo "1574"]

1. e4 e5 2. Nf3 Nc6 3. Bc4 Nf6 4. Bb5 Bc5 5. Bxc6 bxc6 6. Nxe5 Qe7 7. d4 Bd6 8.
O-O Bxe5 9. dxe5 Qxe5 10. c3 Nxe4 11. f3 Qc5+ 12. Qd4 Qxd4+ 13. cxd4 Nd6 14.
Re1+ Kf8 15. a4 a5 16. Nc3 h5 17. Ne4 Rb8 18. Re2 Nc4 19. Rb1 d5 20. b3 Nb6 21.
Nc5 g6 22. Ba3 Kg8 23. Rc1 Nd7 24. Re8+ Kh7 25. Rxh8+ Kxh8 26. Rb1 Nb6 27. Rc1
Bf5 28. Na6 Rc8 29. Rxc6 Nd7 30. Rxc7 Rxc7 31. Nxc7 Nb6 32. Bc5 Nd7 33. Nxd5 Kg8
34. Ne7+ Kh7 35. Nxf5 gxf5 36. h4 f4 37. Bd6 f5 38. Bxf4 Kg6 39. Bc7 Kf7 40.
Bxa5 Ke6 41. b4 Kd5 42. b5 Kxd4 43. Bd8 Kc5 44. b6 Nxb6 45. Bxb6+ Kxb6 46. Kf2
Ka5 47. Ke3 Kxa4 48. Kf4 Kb4 49. Kxf5 Kc5 50. Kg5 Kd5 51. Kxh5 Ke5 52. Kg4 Kf6
53. h5 Kg7 54. f4 Kh6 55. f5 Kg7 56. Kg5 Kh7 57. f6 Kg8 58. h6 Kh7 59. Kf5 Kxh6
60. Ke6 Kg6 61. Ke7 Kg5 62. f7 Kg4 63. f8=Q Kg3 64. Qf3+ Kh2 65. Kf6 Kg1 66. Kg5
Kh2 67. Kg4 Kg1 68. Kg3 1-0

[Event "Challenge"]
[Site "http://www.queenalice.com/game.php?id=404233"]
[Date "2008.5.17"]
[Round "-"]
[White "rbaraldi"]
[Black "Lx"]
[Result "0-1"]
[WhiteElo "1585"]
[BlackElo "1421"]

1. e4 Nc6 2. Nf3 Nf6 3. d3 e5 4. d4 Nxe4 5. Nxe5 Nxf2 6. Kxf2 Nxe5 7. dxe5 Qh4+
8. g3 Bc5+ 9. Be3 Bxe3+ 10. Kxe3 Qg5+ 11. Kf2 Qxe5 12. c3 O-O 13. Bh3 d6 14. Re1
Qc5+ 15. Kg2 Qc6+ 16. Qf3 Bxh3+ 17. Kf2 Qb6+ 18. Re3 Qxb2+ 19. Re2 Qxa1 20. Nd2
Qxa2 21. g4 f5 22. Qe3 fxg4+ 23. Kg3 Qd5 24. Rf2 Qe5+ 25. Rf4 Qxe3+ 0-1

[Event "AUTO-OPEN-1034"]
[Site "http://www.queenalice.com/game.php?id=408839"]
[Date "2008.5.27"]
[Round "2"]
[White "CSI"]
[Black "rbaraldi"]
[Result "1-0"]
[WhiteElo "1874"]
[BlackElo "1568"]

1. e4 e5 2. Nf3 Nc6 3. Bb5 Nd4 4. Nxd4 exd4 5. O-O Nf6 6. d3 Bd6 7. Bg5 c6 8.
Bc4 O-O 9. Nd2 b5 10. Bb3 h6 11. Bh4 g5 12. Bg3 Qe7 13. Bxd6 Qxd6 14. Re1 Qe5
15. Nf3 Qc5 16. Qd2 d6 17. Re2 Bg4 18. h3 Bxf3 19. gxf3 a5 20. a4 b4 21. Kh1 Qe5
22. Rg1 Nh7 23. f4 Qf6 24. fxg5 hxg5 25. f4 Kh8 26. fxg5 Qf3+ 27. Kh2 Rg8 28.
Rf2 Qh5 29. Bxf7 Rxg5 30. Bxh5 Rxh5 31. Rf7 Rf8 32. Rxf8+ Nxf8 33. Qf4 Ne6 34.
Qf6+ 1-0

[Event "AUTO-OPEN-1034"]
[Site "http://www.queenalice.com/game.php?id=408840"]
[Date "2008.5.27"]
[Round "2"]
[White "rbaraldi"]
[Black "CSI"]
[Result "0-1"]
[WhiteElo "1545"]
[BlackElo "1912"]

1. e4 c5 2. Nf3 d6 3. d4 cxd4 4. Qxd4 Nc6 5. Qd3 Nf6 6. g3 g6 7. Bg2 Bg7 8. c3
O-O 9. O-O Rb8 10. Bf4 e5 11. Bg5 Qc7 12. b4 b5 13. a3 a6 14. Nbd2 Be6 15. Rae1
Rbc8 16. Qe3 Ne7 17. Rc1 Qd7 18. Qb6 Rc6 19. Qe3 Rfc8 20. Nb1 Ng4 21. Qd2 Kh8
22. h3 Nf6 23. Qd3 Bc4 24. Qe3 Bxf1 25. Bxf1 Nfg8 26. h4 Bf6 27. Kh2 Bxg5 28.
Nxg5 Nh6 29. Bh3 f5 30. Kg2 Ng4 31. Qf3 Rf8 32. Bxg4 Qe8 33. exf5 Nxf5 34. Qd5
Ne7 35. Qb3 Nf5 36. Qd5 h6 37. Ne4 Ne7 38. Qd3 Nf5 39. Qd5 Ne7 40. Qd3 d5 41.
Ned2 h5 42. Be6 Rxe6 43. Re1 e4 44. Qd4+ Ref6 45. Nf1 Kh7 46. Re2 Qd7 47. Nh2
Nf5 48. Qc5 Qc6 49. Qa7+ R6f7 50. Qc5 Qxc5 51. bxc5 Rc8 52. Rd2 Rxc5 53. Nf1 Rd7
54. Ne3 Nxe3+ 55. fxe3 a5 56. Ra2 Rc4 57. Rb2 Rb7 58. Kh3 b4 59. cxb4 axb4 60.
axb4 Rcxb4 61. Rxb4 Rxb4 62. Nc3 d4 63. exd4 Rxd4 64. Ne2 Rd2 65. Nf4 e3 66. Ng2
e2 67. g4 hxg4+ 68. Kxg4 Rd1 69. Kf3 e1=Q 70. Nxe1 Rxe1 71. Kf4 Kh6 72. Kg4 Rf1
73. Kg3 Kh5 74. Kg2 Rf4 75. Kg3 Rxh4 76. Kf2 Ra4 77. Kg2 Kg4 78. Kh2 Ra2+ 79.
Kg1 Kf3 80. Kh1 Kg3 81. Kg1 Ra1# 0-1

[Event "AUTO-OPEN-1034"]
[Site "http://www.queenalice.com/game.php?id=408845"]
[Date "2008.5.27"]
[Round "2"]
[White "Ikki_de_Fenix"]
[Black "rbaraldi"]
[Result "1-0"]
[WhiteElo "2228"]
[BlackElo "1570"]

1. e4 e5 2. Nf3 d6 3. Bc4 Nf6 4. Nc3 Be7 5. h3 c6 6. d4 b5 7. Bd3 exd4 8. Nxd4
O-O 9. O-O b4 10. Nce2 c5 11. Nf3 a5 12. Ng3 Ba6 13. Nf5 g6 14. Nh6+ Kg7 15. Ng5
Qd7 16. Bxa6 Rxa6 17. Qe2 Kxh6 18. Ne6+ g5 19. Nxf8 Bxf8 20. Qe3 Kg7 21. Qxg5+
Kh8 22. Qxf6+ Bg7 23. Qf3 Nc6 24. Rd1 Nd4 25. Qd3 Ra7 26. Be3 h6 27. c3 Nc6 28.
Qxd6 Qb7 29. Bxc5 Ra8 30. Qg3 bxc3 31. bxc3 Qb2 32. Be3 Rg8 33. Qc7 Ne5 34. a4
f6 35. Qxa5 Nc6 36. Qb5 Qxc3 37. Rac1 Qe5 38. Qxc6 Qe7 39. Rd7 Qf8 40. Qb7 Kh7
41. Rcc7 Kh8 42. Bxh6 Kh7 43. Rxg7+ Kxh6 44. Rh7+ Kg6 45. Qb3 Rg7 46. Rhxg7+
Qxg7 47. Qg3+ 1-0

[Event "AUTO-OPEN-1034"]
[Site "http://www.queenalice.com/game.php?id=408846"]
[Date "2008.5.27"]
[Round "2"]
[White "rbaraldi"]
[Black "Ikki_de_Fenix"]
[Result "0-1"]
[WhiteElo "1562"]
[BlackElo "2145"]

1. e4 c5 2. Bc4 Nc6 3. Nf3 a6 4. O-O b5 5. Bd5 Nf6 6. c3 Nxd5 7. exd5 Na7 8. d4
c4 9. b3 Bb7 10. bxc4 bxc4 11. Qa4 Bxd5 12. Qxa6 Nc6 13. Qb5 Ra5 14. Qb2 Bxf3
15. gxf3 e6 16. Bf4 Rf5 17. Bg3 h5 18. Nd2 h4 19. Be5 f6 20. f4 fxe5 21. fxe5 h3
22. Nxc4 Qg5+ 0-1

[Event "Vamos a jogar"]
[Site "http://www.queenalice.com/game.php?id=410546"]
[Date "2008.5.30"]
[Round "4"]
[White "hugo10"]
[Black "rbaraldi"]
[Result "0-1"]
[WhiteElo "1399"]
[BlackElo "1560"]

1. e4 e5 2. Nf3 d6 3. Bc4 Nf6 4. d3 c6 5. Bg5 h6 6. Bxf6 Qxf6 7. Nc3 b5 8. Bb3
Be7 9. a4 b4 10. Ne2 a5 11. O-O O-O 12. d4 Ba6 13. c4 c5 14. dxc5 dxc5 15. Ng3
Nc6 16. Qd7 Rad8 17. Qc7 Rc8 18. Qb6 Ra8 19. Nh5 Qg6 20. Nxe5 Nxe5 21. Qxg6 Nxg6
22. Bc2 Bxc4 23. Rfd1 Be2 24. Rd7 Bxh5 25. e5 c4 26. Bxg6 Bxg6 27. Rxe7 Rad8 28.
Rc1 Rc8 29. e6 f6 30. Ra7 Rfe8 31. e7 Kf7 32. Re1 b3 33. Rxa5 Bd3 34. Ra7 Bf5
35. h3 Be6 36. a5 Rxe7 37. Rxe7+ Kxe7 38. a6 Ra8 39. Ra1 Bc8 40. a7 Kd8 41. g4
Kc7 42. Ra4 Be6 43. Kg2 Kb7 44. Kg3 Rxa7 45. Rb4+ Kc6 46. f4 Ra2 47. f5 Bf7 48.
Kf3 Rxb2 49. Ke3 c3 50. Kd3 c2 51. Kd2 Kc5 52. Rb7 Bd5 53. Rxg7 Rb1 54. Rc7+ Kd4
55. Rf7 Bxf7 0-1

[Event "Challenge"]
[Site "http://www.queenalice.com/game.php?id=416071"]
[Date "2008.6.11"]
[Round "-"]
[White "rbaraldi"]
[Black "klebert_jordan"]
[Result "0-1"]
[WhiteElo "1566"]
[BlackElo "1442"]

1. e4 e5 2. Nf3 d6 3. d4 Nf6 4. d5 Nxe4 5. Qe2 Nf6 6. c4 Na6 7. g3 Bg4 8. Bg2 c5
9. h3 Bd7 10. O-O Ba4 11. b3 Bd7 12. a3 Bf5 13. Nc3 Qa5 14. Nb5 Be4 15. Bd2 Bxf3
16. Bxf3 Qd8 17. Bg5 h6 18. Bd2 Nb8 19. a4 a6 20. Nc3 a5 21. Nb5 b6 22. Bg4 h5
23. Bf3 Ng8 24. h4 g6 25. Bg5 f6 26. Be3 Bh6 27. Rad1 Bxe3 28. Qxe3 Na6 29. Be4
f5 30. Bd3 Nf6 31. Qg5 Kf7 32. Rde1 Nb4 33. f4 Nxd3 34. Re2 e4 35. Rd1 Nb4 36.
Re3 Qd7 37. Kg2 Nc2 38. Re2 Nd4 39. Nxd4 cxd4 40. Rxd4 Rae8 41. Kf2 e3+ 42. Rxe3
Ne4+ 43. Rexe4 fxe4 44. Ke3 Qh3 45. Rxe4 Rxe4+ 46. Kxe4 Qh1+ 47. Ke3 Qe1+ 48.
Kf3 Qc3+ 49. Ke4 Qxb3 50. f5 Qxc4+ 51. Kf3 Qxd5+ 52. Kf2 gxf5 53. Qf4 Kg6 54.
Qg5+ Kf7 55. Qe3 Qa2+ 56. Kf3 Qxa4 57. Qxb6 Qg4+ 58. Kg2 Rg8 59. Qb3+ Kg7 60.
Kh2 f4 61. gxf4 Qxf4+ 62. Qg3+ Qxg3+ 63. Kxg3 a4 64. Kf4 a3 0-1

[Event "Challenge"]
[Site "http://www.queenalice.com/game.php?id=424399"]
[Date "2008.6.28"]
[Round "-"]
[White "rogerio_88"]
[Black "rbaraldi"]
[Result "0-1"]
[WhiteElo "1219"]
[BlackElo "1564"]

1. c3 d5 2. Nf3 Nf6 3. d4 Bg4 4. Nbd2 e6 5. Ne5 Bd6 6. Ndf3 O-O 7. h3 Bf5 8. Qb3
b6 9. Qb5 a6 10. Qa4 b5 11. Qd1 Ne4 12. Bf4 f6 13. Nd3 a5 14. a4 b4 15. cxb4 g5
16. Bh2 Bxb4+ 17. Nxb4 axb4 18. Qc1 Qd6 19. Bxd6 cxd6 20. Qc7 Rf7 21. Qb6 Na6
0-1

[Event "AUTO-OPEN-1242"]
[Site "http://www.queenalice.com/game.php?id=454107"]
[Date "2008.8.26"]
[Round "1"]
[White "dreddvedder"]
[Black "rbaraldi"]
[Result "1-0"]
[WhiteElo "1924"]
[BlackElo "1590"]

1. d4 d5 2. c4 dxc4 3. e4 e6 4. Bxc4 Nc6 5. Nf3 Qf6 6. O-O Bd7 7. Nc3 O-O-O 8.
Bg5 Qg6 9. Bxd8 Nxd8 10. Ne5 Qf6 11. Nxd7 Kxd7 12. Qa4+ Nc6 13. d5 exd5 14. exd5
Kc8 15. dxc6 Qxc6 16. Qxc6 bxc6 17. Bxf7 Ne7 18. Rad1 Nf5 19. Rfe1 Be7 20. Be6+
Kb8 21. Bxf5 Bf6 22. Rd7 g6 23. Bh3 Rd8 24. Rxd8+ Bxd8 25. Re8 Kb7 26. Rxd8 h5
27. Na4 a6 28. Bc8+ Ka7 29. Be6 a5 30. Rd7 Kb7 31. Bc4 g5 32. Be6 Kb8 33. Rd3
Kb7 34. Rb3+ Ka6 35. Bc8+ Ka7 36. Rb7+ Ka8 37. Nc5 g4 38. Bd7 h4 39. Bxc6 a4 40.
Ne6 g3 41. Nxc7# 1-0

[Event "AUTO-OPEN-1242"]
[Site "http://www.queenalice.com/game.php?id=454108"]
[Date "2008.8.26"]
[Round "1"]
[White "rbaraldi"]
[Black "dreddvedder"]
[Result "0-1"]
[WhiteElo "1594"]
[BlackElo "1873"]

1. e4 c5 2. c4 Nc6 3. Nf3 d6 4. Bd3 Nf6 5. O-O e6 6. Qa4 Be7 7. Nc3 O-O 8. b3
Ne5 9. Be2 Bd7 10. Qa3 Bc6 11. Qb2 Nxe4 12. d3 Nxc3 13. Qxc3 Nxf3+ 14. Bxf3 Bxf3
15. gxf3 Bf6 16. Qd2 Bxa1 17. Ba3 Bd4 18. b4 Qf6 19. b5 Qxf3 20. Bc1 Be5 21. Qg5
Qh3 22. Qg2 Qxg2+ 23. Kxg2 Bd4 24. Bf4 Rad8 25. a4 d5 26. Bc7 Rd7 27. Bg3 dxc4
28. dxc4 Rfd8 29. Bf4 Bc3 30. Rc1 Bd2 31. Bxd2 Rxd2 32. a5 Ra2 33. a6 b6 34. h3
Rdd2 35. Rf1 Rac2 36. Kf3 Rxc4 37. Kg2 Rb4 38. Kg3 Rxb5 39. Ra1 Rb3+ 40. Kg2
Rbb2 41. Rf1 Rxf2+ 42. Rxf2 Rxf2+ 43. Kxf2 c4 44. Ke2 b5 45. Kd2 b4 46. Kc2 e5
47. Kd2 b3 48. Kc3 Kf8 49. Kxc4 b2 50. Kc3 b1=Q 0-1

[Event "AUTO-OPEN-1242"]
[Site "http://www.queenalice.com/game.php?id=454123"]
[Date "2008.8.26"]
[Round "1"]
[White "rbaraldi"]
[Black "rsgaspar"]
[Result "1/2-1/2"]
[WhiteElo "1587"]
[BlackElo "1769"]

1. e4 e5 2. Nf3 Nc6 3. Bc4 Bc5 4. O-O Nf6 5. d3 h6 6. c3 d6 7. b4 Bb6 8. b5 Na5
9. Bd2 Nxc4 10. dxc4 Be6 11. Na3 Bc5 12. Bc1 Nxe4 13. Qe1 Nf6 14. Kh1 e4 15. Nd2
Bf5 16. f3 e3 17. Nb3 Bxa3 18. Bxa3 Bd3 19. Qxe3+ Qe7 20. Qxd3 O-O 21. Rae1 Qd7
22. h3 Rfe8 23. Rd1 Nh5 24. c5 Ng3+ 25. Kg1 Nxf1 26. Qxf1 Re6 27. Kh1 d5 28. Nd4
Rg6 29. g4 c6 30. bxc6 bxc6 31. Bc1 Re8 32. Kg2 Qe7 33. Re1 Qd7 34. Bd2 h5 35.
a4 hxg4 36. hxg4 Rh6 37. Bxh6 gxh6 38. Nf5 Kh7 39. Qh1 Rxe1 40. Qxe1 h5 41. Qh1
Kg6 42. Qxh5+ Kf6 43. Qh6+ Ke5 44. Qg7+ Ke6 45. Nd4+ Ke7 46. Kg3 Qc7+ 47. f4 Qd7
48. g5 Kd8 49. Qf6+ Kc7 50. Qe5+ Kb7 51. f5 Qd8 52. f6 Ka6 53. Qd6 Qe8 54. Nxc6
Qe3+ 55. Kh4 Qe4+ 56. Kh5 Qg6+ 57. Kh4 Qe4+ 58. Kg3 Qe3+ 59. Kg4 Qe4+ 60. Qf4
Qe6+ 61. Kg3 Qe1+ 62. Kg4 Qe6+ 63. Kf3 Qxc6 64. Qd6 Kb7 65. Qe7+ Ka6 66. Qxf7
d4+ 67. Ke2 Qe4+ 68. Kd2 Qe3+ 69. Kc2 Qxc3+ 70. Kd1 Qd3+ 1/2-1/2

[Event "AUTO-OPEN-1242"]
[Site "http://www.queenalice.com/game.php?id=454124"]
[Date "2008.8.26"]
[Round "1"]
[White "rsgaspar"]
[Black "rbaraldi"]
[Result "1-0"]
[WhiteElo "1763"]
[BlackElo "1543"]

1. e4 e5 2. Nf3 d6 3. Bc4 f6 4. c3 Nc6 5. h3 Qe7 6. d3 Be6 7. Qb3 b6 8. Bxe6 Nh6
9. Nh4 f5 10. Nxf5 Nxf5 11. Bxf5 g6 12. Bg4 h5 13. Be2 O-O-O 14. Be3 Qg7 15. Nd2
Na5 16. Qc2 Be7 17. b4 Nc6 18. Qa4 Nb8 19. Qxa7 Rhf8 20. d4 Rd7 21. Ba6+ Nxa6
22. Qxa6+ Kb8 23. a4 c6 24. Qxb6+ Rb7 25. Qxc6 Rc8 26. Qd5 Rxc3 27. b5 Rbc7 28.
O-O Bf6 29. Qxd6 Be7 30. Qxe5 Bf6 31. Qd5 Rd7 32. Qa2 Bxd4 33. Bxd4 Rxd4 34.
Rac1 Rcd3 35. Rfd1 g5 36. Qc2 Rd8 37. b6 Ra3 38. Nc4 Rad3 39. Rxd3 Rc8 40. Qc3
Qe7 41. a5 Qb7 42. Qe5+ Ka8 43. Qd5 Qxd5 44. Rxd5 1-0

[Event "Challenge"]
[Site "http://www.queenalice.com/game.php?id=492144"]
[Date "2008.11.12"]
[Round "-"]
[White "rbaraldi"]
[Black "esteban"]
[Result "0-1"]
[WhiteElo "1589"]
[BlackElo "1714"]

1. e4 c6 2. Nf3 d5 3. e5 f6 4. d4 e6 5. Bd3 fxe5 6. dxe5 Nd7 7. O-O Nc5 8. b4
Nxd3 9. Qxd3 g6 10. Bg5 Be7 11. h4 Bd7 12. c3 Qc7 13. a3 Bxg5 14. Nxg5 Qxe5 15.
Qf3 Qf5 16. Nd2 h6 17. Nh3 O-O-O 18. c4 Ne7 19. c5 e5 20. g4 Qxg4+ 21. Qxg4 Bxg4
22. Kg2 Rhf8 23. f3 Be6 24. Rae1 Rf5 25. a4 Rdf8 26. b5 g5 27. h5 e4 28. fxe4
Rxf1 29. Nxf1 dxe4 30. Rxe4 Bd5 31. Nd2 Bxe4+ 32. Nxe4 Kc7 33. Nd6 b6 34. Nc4
cxb5 35. axb5 bxc5 36. Kg3 Nf5+ 37. Kg4 Nd4 38. Ne3 Nxb5 39. Nf5 c4 40. Nxh6 c3
41. Nxg5 Rf1 42. Nf5 c2 0-1